Charlotte-Douglas International Airport Destinations - Statistics

General Stats
  • This quiz has been taken 13 times
  • The average score is 28 of 180
Answer Stats
IATA Code Answer % Correct
DFW Dallas/Fort Worth International Airport
100%
ORD Chicago O'Hare International Airport
45%
DEN Denver International Airport
45%
ELP El Paso International Airport
45%
CAK Akron-Canton Airport
36%
ALB Albany International Airport
36%
AVL Asheville Regional Airport
36%
BWI Baltimore/Washington International Thurgood Marshall Airport
36%
BOS Boston-Logan International Airport
36%
BUF Buffalo Niagara International Airport
36%
CUN Cancun International Airport
36%
IND Indianapolis International Airport
36%
LAX Los Angeles International Airport
36%
AUS Austin-Bergstrom International Airport
27%
BZN Bozeman Yellowstone International Airport
27%
BTV Burlington International Airport
27%
CHS Charleston International Airport
27%
CVG Cincinnati/Northern Kentucky International Airport
27%
CLE Cleveland Hopkins International Airport
27%
CZM Cozumel International Airport
27%
CUR Curacao International Airport
27%
DAB Daytona Beach International Airport
27%
DAY Dayton International Airport
27%
DSM Des Moines International Airport
27%
ERI Erie International Airport
27%
EVV Evansville Regional Airport
27%
FAY Fayetteville Regional Airport
27%
FWA Fort Wayne International Airport
27%
MDT Harrisburg International Airport
27%
JAX Jacksonville International Airport
27%
JFK John F. Kennedy International Airport
27%
CMH John Glenn International Airport
27%
MCI Kansas City International Airport
27%
LGA LaGuardia Airport
27%
LHR London-Heathrow International Airport
27%
MEM Memphis International Airport
27%
MEX Mexico City International Airport
27%
MIA Miami International Airport
27%
MSP Minneapolis-Saint Paul International Airport
27%
BNA Nashville International Airport
27%
MCO Orlando International Airport
27%
PHL Philadelphia International Airport
27%
PIT Pittsburgh International Airport
27%
SAT San Antonio International Airport
27%
SAN San Diego International Airport
27%
SEA Seattle-Tacoma International Airport
27%
RSW Southwest Florida International Airport
27%
TPA Tampa International Airport
27%
IAD Washington Dulles International Airport
27%
AEX Alexandria International Airport
18%
ATW Appleton International Airport
18%
BGR Bangor International Airport
18%
BTR Baton Rouge Metropolitan Airport
18%
BHM Birmingham-Shuttlesworth International Airport
18%
BDL Bradley International Airport
18%
CHO Charlottesville Albemarle Airport
18%
CHA Chattanooga Airport
18%
MDW Chicago Midway International Airport
18%
CAE Columbia Metropolitan Airport
18%
CSG Columbus Airport
18%
VPS Destin Fort Walton Beach Airport
18%
DTW Detroit Metropolitan Wayne County Airport
18%
DUB Dublin Airport
18%
CID Eastern Iowa Airport
18%
GGT Exuma International Airport
18%
FNT Flint Bishop Airport
18%
FLO Florence Regional Airport
18%
FLL Fort Lauderdale-Hollywood International Airport
18%
FRA Frankfurt Airport
18%
GNV Gainesville Regional Airport
18%
IAH George Bush Intercontinental Airport
18%
BGI Grantley Adams International Airport
18%
GSP Greenville-Spartanburg International Airport
18%
GPT Gulfport-Biloxi International Airport
18%
ATL Hartsfield-Jackson Atlanta International Airport
18%
HSV Huntsville International Airport
18%
EYW Key West International Airport
18%
LFT Lafayette Regional Airport
18%
ABE Lehigh Valley International Airport
18%
BDA L.F. Wade International Airport
18%
LAS McCarran International Airport
18%
EWR Newark Liberty International Airport
18%
ORF Norfolk International Airport
18%
ELH North Eleuthera Airport
18%
XNA Northwest Arkansas National Airport
18%
BZE Philip S.W. Goldson International Airport
18%
PHX Phoenix-Sky Harbor International Airport
18%
AUA Queen Beatrix International Airport
18%
RDU Raleigh-Durham International Airport
18%
RIC Richmond International Airport
18%
SLC Salt Lake City International Airport
18%
SFO San Francisco International Airport
18%
SAV Savannah/Hilton Head International Airport
18%
YYZ Toronto Pearson International Airport
18%
TUL Tulsa International Airport
18%
ANU V.C. Bird International Airport
18%
CRW Yeager Airport
18%
MAD Adolfo Suarez Madrid-Barajas Airport
9%
OAJ Albert J. Ellis Airport
9%
LIT Bill and Hillary Clinton National Airport
9%
LEX Blue Grass Airport
9%
DAL Dallas Love Field Airport
9%
MSN Dane County Regional Airport
9%
GCM George Town/Owen Roberts Airport
9%
GRR Gerald R. Ford International Airport
9%
HHH Hilton Head Island Airport
9%
HTS Huntington Tri-State Airport
9%
ITH Ithaca Thompkins International Airport
9%
JAC Jackson Hole Airport
9%
JAN Jackson-Medgar Wiley Evers International Airport
9%
LIR Liberia Airport
9%
SJD Los Cabos Airport
9%
SDF Louisville Muhammad Ali International Airport
9%
LYH Lynchburg Regional Airport
9%
MVY Martha's Vineyard Airport
9%
GND Maurice Bishop International Airport
9%
TYS McGhee Tyson Airport
9%
GDL Miguel Hidalgo y Costilla Guadalajara International Airport
9%
MOB Mobile Regional Airport
9%
MGM Montgomery Regional Airport
9%
YUL Montreal-Trudeau International Airport
9%
MUC Munich International Airport
9%
MYR Myrtle Beach International Airport
9%
PHF Newport News/Williamsburg International Airport
9%
PNS Pensacola International Airport
9%
GSO Piedmont Triad International Airport
9%
PGV Pitt-Greenville Airport
9%
PUJ Punta Cana International Airport
9%
SMF Sacramento International Airport
9%
MBJ Sangster International Airport
9%
SBN South Bend International Airport
9%
STL St. Louis Lambert International Airport
9%
TLH Tallahassee International Airport
9%
TRI Tri-Cities Airport
9%
HPN Westchester County Airport
9%
TVC Cherry Capital Airport
0%
EWN Coastal Carolina Regional Airport
0%
STT Cyrli E. King Airport
0%
OMA Eppley Airfield
0%
PIA Gen. Dowling- Peoria International Airport
0%
MKE General Mitchell International Airport
0%
ROC Greater Rochester International Airport
0%
PVD Green Airport
0%
POP Gregorio Luperon International Airport
0%
STX Henry E. Rohlsen Airport
0%
UVF Hewanorra International Airport
0%
SJO Juan Santamaria International Airport
0%
MHH Leonard M. Thompson International Airport
0%
PVR Licenciado Gustavo Diaz Ordaz International Airport (Puerto Vallarta, Mexico)
0%
PLS Licenciado Gustavo Diaz Ordaz International Airport (Turks and Caicos)
0%
MSY Louis Armstrong New Orleans International Airport
0%
SJU Luis Munoz Marin International Airport (San Juan)
0%
SDQ Luis Muñoz Marín International Airport (Santo Domingo)
0%
MHT Manchester-Boston Regional Airport
0%
ACK Nantucket Memorial Airport
0%
NAS Nassau Lynden Pindling International Airport
0%
MSL Northwest Alabama Regional Airport
0%
ECP Northwest Florida Beaches International Airport
0%
MLB Orlando Melbourne International Airport
0%
PBI Palm Beach International Airport
0%
PWM Portland International Airport (Maine)
0%
PDX Portland International Airport (Oregon)
0%
SXM Princess Juliana International Airport
0%
BKW Raleigh County Memorial Airport
0%
RAP Rapid City Regional Airport
0%
ROA Roanoke-Blacksburg Regional Airport
0%
SKB Robert L. Bradshaw Airport
0%
DCA Ronald Reagan Washington National Airport
0%
SBY Salisbury-Ocean City: Wicomico Regional Airport
0%
AZS Samana El Catey International Airport
0%
SRQ Sarasota-Bradenton International Airport
0%
SHV Shreveport Regional Airport
0%
FSD Sioux Falls Regional Airport
0%
SGF Springfield Branson National Airport
0%
SYR Syracuse Hancock International Airport
0%
TTN Trenton-Mercer Airport
0%
AVP Wilkes-Barre/Scranton International Airport
0%
HOU William P. Hobby Airport
0%
OKC Will Rogers World Airport
0%
ILM Wilmington International Airport (Wilmington, North Carolina)
0%
No matching quizzes found
Score Distribution
Percent of People with Each Score
Percentile by Number Answered
Your Score History
You have not taken this quiz